Ideologia w architekturze Warszawy okresu realizmu socjalistycznego
| Titel: | Ideologia w architekturze Warszawy okresu realizmu socjalistycznego / Waldemar Baraniewski |
|---|---|
| Verfasser: | |
| In: |
Rocznik historii sztuki, alle Artikel anzeigen |
| Veröffentlicht: | 1996 |
| Format: | Aufsatz |
| Sprache: | Polnisch | Vorliegende Ausgabe: | Online-Ausg. Heidelberg: Univ.-Bibl., 2013. - Online-Ressource. |
X
alg: 47166013 001A $06055:06-11-20 001B $01999:08-11-20 $t22:04:24.000 001D $06055:06-11-20 001U $0utf8 001X $00 002@ $0Oox 002C $aText $btxt $2rdacontent 002D $aComputermedien $bc $2rdamedia 002E $aOnline-Ressource $bcr $2rdacarrier 003@ $0471660132 004U $0urn:nbn:de:bsz:16-diglit-142478 $SV98 007A $0471660132 $aHEB 007I $0HHB-368487660 007I $0HHB-1438487665 009Q $SV98 $uhttp://digi.ub.uni-heidelberg.de/diglit/rhs1996/0237 $xH 010@ $apol 011@ $a1996 011B $a2013 021A $aIdeologia w architekturze Warszawy okresu realizmu socjalistycznego $hWaldemar Baraniewski 027A $aIdeologie in der warschauer Architektur im Sozialismus 027A/01 $aIdeologie in der warschauer Architektur im Sozrealismus 028A $#Baraniewski, W. $710321416X $8Baraniewski, Waldemar$Z1953- [Tp1] $913864103X 033N $pHeidelberg $nUniv.-Bibl. 033Q $aOnline-Ressource 037A $aDt. Zsfassung. u.d.T.: Ideologie in der warschauer Architektur im Sozrealismus, S. 259-260 037A $aEnthalten in: 22(1996), Seite [231]-260 037G $aOnline-Ausg. 039B $aIn $8--Obvc--. Rocznik historii sztuki. - Warszawa : Polska Akademia Nauk, 1956-. - Online-Ressource. - ISSN 2720-2933. - DOI 10.11588/diglit.12451. - urn:nbn:de:bsz:16-diglit-124512 $9290997941 045E $c700 045T $a9,10 lok: 47166013 3 exp: 47166013 3 1 #EPN 201B/01 $007-11-20 $t22:19:33.470 201C/01 $007-11-20 201U/01 $0utf8 203@/01 $01128859505 204U/01 $0urn:nbn:de:bsz:16-diglit-142478 $SV98 208@/01 $a07-11-20 $bl lok: 47166013 78 exp: 47166013 78 1 #EPN 201B/01 $022-01-25 $t18:38:22.000 201C/01 $022-01-25 201U/01 $0utf8 203@/01 $01289535418 208@/01 $a22-01-25 $be 209A/01 $a/ $f000 $x00 209A/01 $ab*p $x01 220C/01 $aeja 244Z/01 $#Generalgouvernement Polen $#Polska $#Rzeczpospolita Polska $#Polska Rzeczpospolita Ludowa $#Poland $#Pologne $#République Polonaise $#Generalne Gubernatorstwo w Polsce $#Polish People's Republic $#Polska Rzeczpospolita Polen $#PRL $#RP $#Polen Generalgouvernement $#Polska Generalgouvernement $#Besetzte Polnische Gebiete $#Besetztes Gebiet in Polen $#Okupowane Polskie Obszary $#Obszary Okupowane w Polsce $#Volksrepublik Polen $#Polska Rosyjska $#Republic Polen $#Respublika Pol'ša $#Pol'skaja Narodnaja Respublika $#République de Pologne $#Polen Links der Weichsel $#Polska po Lewej Stronie Wisły $#Lenkija $#Polija $#Gubernija Carstva Pol'skago $#Republik Polen $74046496-9 $8--Tg1--Polen $x01 $9085129801 247C/01 $82080>Marburg/Lahn, Herder-Institut, Forschungsbibliothek, Bibliographieportal $9336309341
| LEADER | 00000caa a22000002c 4500 | ||
|---|---|---|---|
| 001 | 471660132 | ||
| 003 | DE-603 | ||
| 005 | 20201108220424.0 | ||
| 007 | cr|||||||||||| | ||
| 008 | 201106s1996 xx |||| o| u00||u|pol c | ||
| 024 | 7 | |a urn:nbn:de:bsz:16-diglit-142478 |2 urn | |
| 035 | |a (DE-599)HEB471660132 | ||
| 040 | |a DE-603 |b ger |c DE-603 |d DE-603 | ||
| 041 | |a pol | ||
| 084 | |a 700 |q DE-101 |2 sdnb | ||
| 084 | |a 9,10 |2 ssgn | ||
| 100 | 1 | |a Baraniewski, Waldemar |d 1953- |0 (DE-603)13864103X |0 (DE-588)10321416X |2 gnd | |
| 245 | 0 | 0 | |a Ideologia w architekturze Warszawy okresu realizmu socjalistycznego |c Waldemar Baraniewski |
| 246 | 1 | 3 | |a Ideologie in der warschauer Architektur im Sozialismus |
| 246 | 1 | 3 | |a Ideologie in der warschauer Architektur im Sozrealismus |
| 264 | 0 | |c 1996 | |
| 336 | |a Text |b txt |2 rdacontent | ||
| 337 | |a Computermedien |b c |2 rdamedia | ||
| 338 | |a Online-Ressource |b cr |2 rdacarrier | ||
| 500 | |a Dt. Zsfassung. u.d.T.: Ideologie in der warschauer Architektur im Sozrealismus, S. 259-260 | ||
| 500 | |a Enthalten in: 22(1996), Seite [231]-260 | ||
| 530 | |a Online-Ausg. | ||
| 533 | |b Heidelberg |c Univ.-Bibl. |d 2013 |e Online-Ressource |7 s2013uuuuxx u| | ||
| 773 | 0 | 8 | |i In |t Rocznik historii sztuki |d Warszawa : Polska Akademia Nauk, 1956- |h Online-Ressource |o 10.11588/diglit.12451 |o urn:nbn:de:bsz:16-diglit-124512 |x 2720-2933 |w (DE-603)290997941 |w (DE-600)2654042-3 |
| 856 | |u http://digi.ub.uni-heidelberg.de/diglit/rhs1996/0237 |x Verlag | ||
| 924 | 1 | |9 603 |a (DE-603)1128859505 |b DE-603 |c HES |d d | |
| 924 | 1 | |9 2080 |a (DE-603)1289535418 |b DE-2080 |c HES |d d |g / | |


